[Event "Rhein Main op-A 20th"]
[Site "Bad Homburg"]
[Date "2017.06.17"]
[Round "5"]
[White "Gutacker, Stephan"]
[Black "Zalewski, Ulrich"]
[Result "1/2-1/2"]
[WhiteElo "1918"]
[BlackElo "1828"]
[PlyCount "103"]
[EventDate "2017.06.14"]
[EventType "swiss"]
[EventRounds "7"]
[EventCountry "GER"]
[SourceTitle "EXT 2018"]
[Source "ChessBase"]
[SourceDate "2017.10.13"]
[SourceVersion "1"]
[SourceVersionDate "2017.10.13"]
[SourceQuality "1"]

1. e4 e5 2. Nf3 Nc6 3. d4 exd4 4. Nxd4 Nf6 5. Nxc6 bxc6 6. Nc3 Bb4 7. Bd3 d5 8. exd5 cxd5 9. 0-0 0-0 10. Bg5 c6 11. Qf3 Bd6 12. Rfe1 Rb8 13. Rab1 h6 14. Bxf6 Qxf6 15. Qxf6 gxf6 16. Ne2 c5 17. c3 Bg4 18. Ng3 Rfe8 19. Rxe8+ Rxe8 20. Bf5 Bxg3 21. Bxg4 Bc7 22. g3 d4 23. Rd1 dxc3 24. bxc3 Rd8 25. Rxd8+ Bxd8 26. Kf1 Kf8 27. Ke2 Bb6 28. Kd3 c4+ 29. Kxc4 Bxf2 30. Bf5 Ke7 31. Kd5 Kd8 32. Kc6 Ke7 33. c4 Bg1 34. h3 Bf2 35. g4 Kd8 36. c5 Be3 37. Bh7 Ke7 38. Bg8 Ke6 39. a4 Bf2 40. a5 Be3 41. Bh7 Ke7 42. Bc2 Bf2 43. Bb3 Be3 44. Kb5 Kd7 45. Bxf7 Kc7 46. a6 Bf2 47. Kc4 Be3 48. Kd5 Bf2 49. Bg6 Be3 50. Be4 Bf2 51. Ke6 Bh4 52. Bb7 1/2-1/2

[Event "Hessen-chB"]
[Site "Marburg"]
[Date "2017.??.??"]
[Round "2"]
[White "Ullmann, Ralf"]
[Black "Zalewski, Ulrich"]
[Result "1/2-1/2"]
[WhiteElo "1906"]
[BlackElo "1815"]
[PlyCount "30"]
[EventDate "2017.05.24"]
[EventType "swiss"]
[EventRounds "7"]
[EventCountry "GER"]
[SourceTitle "EXT 2018"]
[Source "ChessBase"]
[SourceDate "2017.10.13"]
[SourceVersion "1"]
[SourceVersionDate "2017.10.13"]
[SourceQuality "1"]

1. e4 e5 2. Nf3 Nf6 3. Nxe5 d6 4. Nc4 Nxe4 5. Nc3 Nxc3 6. bxc3 Be7 7. d4 Nc6 8. Bd3 d5 9. Ne3 Be6 10. Qh5 g6 11. Qe2 Qd7 12. 0-0 0-0 13. a4 Rfe8 14. f4 f5 15. Re1 Bf6 1/2-1/2

[Event "Erfurt HT op 26th"]
[Site "Erfurt"]
[Date "2016.12.27"]
[Round "3"]
[White "Schoenrock, Ruediger"]
[Black "Zalewski, Ulrich"]
[Result "1-0"]
[WhiteElo "2022"]
[BlackElo "1810"]
[PlyCount "46"]
[EventDate "2016.12.26"]
[EventType "swiss"]
[EventRounds "8"]
[EventCountry "GER"]
[SourceTitle "EXT 2018"]
[Source "ChessBase"]
[SourceDate "2017.10.13"]
[SourceVersion "1"]
[SourceVersionDate "2017.10.13"]
[SourceQuality "1"]

1. e4 e5 2. Nf3 Nf6 3. Nc3 Nc6 4. d4 exd4 5. Nxd4 d6 6. Be2 Be7 7. 0-0 0-0 8. f4 Nxd4 9. Qxd4 Bg4 10. Bd3 c5 11. Qe3 Rc8 12. e5 dxe5 13. fxe5 c4 14. Qg3 Bc5+ 15. Kh1 cxd3 16. exf6 Qd7 17. cxd3 g6 18. Bh6 Rfe8 19. Rf4 Qe6 20. Qxg4 Qe1+ 21. Rf1 Qe5 22. Qf4 Qh5 23. Ne4 Bd4 1-0

[Event "Rhein Main op-A 19th"]
[Site "Bad Homburg"]
[Date "2016.05.28"]
[Round "6"]
[White "Zalewski, Ulrich"]
[Black "Stierle, Martin"]
[Result "1/2-1/2"]
[WhiteElo "1829"]
[BlackElo "1893"]
[PlyCount "31"]
[EventDate "2016.05.25"]
[EventType "swiss"]
[EventRounds "7"]
[EventCountry "GER"]
[SourceTitle "EXT 2017"]
[Source "ChessBase"]
[SourceDate "2016.10.25"]
[SourceVersion "1"]
[SourceVersionDate "2016.10.25"]
[SourceQuality "1"]

1. e4 e6 2. d4 d5 3. Nd2 Nf6 4. e5 Nfd7 5. Bd3 c5 6. c3 b5 7. Bxb5 Qb6 8. Bxd7+ Nxd7 9. Ne2 Ba6 10. Nf3 Qb5 11. a4 Qb6 12. 0-0 cxd4 13. cxd4 Rb8 14. Re1 Bb4 15. Nc3 0-0 16. Bd2 1/2-1/2

[Event "Hessen-ch op-B"]
[Site "Floersheim"]
[Date "2016.05.07"]
[Round "5"]
[White "Zalewski, Ulrich"]
[Black "Schimmer, Michael"]
[Result "0-1"]
[WhiteElo "1829"]
[BlackElo "1784"]
[PlyCount "60"]
[EventDate "2016.05.05"]
[EventType "swiss"]
[EventRounds "7"]
[EventCountry "GER"]
[SourceTitle "EXT 2022"]
[Source "ChessBase"]
[SourceDate "2021.10.06"]
[SourceVersion "1"]
[SourceVersionDate "2021.10.06"]
[SourceQuality "1"]

1. e4 d6 2. d4 Nf6 3. Nc3 g6 4. f4 Bg7 5. Nf3 c5 6. dxc5 Qa5 7. Bd3 Qxc5 8. Qe2 Nc6 9. Be3 Qa5 10. Bd2 Bg4 11. Nb5 Qd8 12. Bc3 a6 13. Nbd4 0-0 14. Nxc6 bxc6 15. h3 Bd7 16. g4 c5 17. f5 Bc6 18. Rg1 c4 19. Bxc4 Nxe4 20. Bxg7 Kxg7 21. Qe3 Qa5+ 22. c3 Rab8 23. Bb3 Rxb3 24. Nd4 Rxb2 25. Nxc6 Qxc3+ 26. Qxc3+ Nxc3 27. Rg3 Rh2 28. Rf3 Rh1+ 29. Rf1 Rxh3 30. Nxe7 Kf6 0-1

[Event "Hessen-ch op-B"]
[Site "Frankfurt Sossenheim"]
[Date "2015.??.??"]
[Round "1"]
[White "Zalewski, Ulrich"]
[Black "Nesse, David"]
[Result "1-0"]
[WhiteElo "1838"]
[BlackElo "1553"]
[PlyCount "57"]
[EventDate "2015.05.13"]
[EventType "swiss"]
[EventRounds "7"]
[EventCountry "GER"]
[SourceTitle "EXT 2016"]
[Source "ChessBase"]
[SourceDate "2015.10.08"]
[SourceVersion "1"]
[SourceVersionDate "2015.10.08"]
[SourceQuality "1"]

1. e4 c5 2. Nf3 Nc6 3. d4 cxd4 4. Nxd4 Nf6 5. Nc3 d6 6. Be2 e5 7. Nb3 Be7 8. Be3 0-0 9. 0-0 a5 10. a4 Nb4 11. Bf3 Be6 12. Nd5 Bxd5 13. exd5 e4 14. Be2 Nbxd5 15. Bd4 Nb4 16. f3 d5 17. Nd2 Rc8 18. c3 Nc6 19. Bf2 exf3 20. Bxf3 d4 21. Bxc6 Rxc6 22. Bxd4 Nd5 23. Ne4 Rg6 24. Qh5 Qc7 25. Qxd5 Rd8 26. Qf5 Bh4 27. Qf4 Qe7 28. g3 Re8 29. Rae1 1-0

[Event "Hessen-ch op-B"]
[Site "Frankfurt Sossenheim"]
[Date "2015.??.??"]
[Round "3"]
[White "Zalewski, Ulrich"]
[Black "Werle, Joshua"]
[Result "1-0"]
[WhiteElo "1838"]
[BlackElo "1776"]
[PlyCount "139"]
[EventDate "2015.05.13"]
[EventType "swiss"]
[EventRounds "7"]
[EventCountry "GER"]
[SourceTitle "EXT 2016"]
[Source "ChessBase"]
[SourceDate "2015.10.08"]
[SourceVersion "1"]
[SourceVersionDate "2015.10.08"]
[SourceQuality "1"]

1. e4 Nf6 2. Nc3 d5 3. e5 Nfd7 4. d4 c5 5. dxc5 e6 6. Be3 Nxe5 7. f4 Nec6 8. Nf3 Nd7 9. Bb5 a6 10. Bxc6 bxc6 11. b4 a5 12. a3 Ba6 13. Bd4 Be7 14. Ne2 Qb8 15. c3 Bf6 16. 0-0 Bxd4+ 17. Nfxd4 Qc7 18. Rf3 Nf6 19. Ng3 h5 20. Qe1 Kd7 21. Qe5 h4 22. Nf1 Rh5 23. Qxc7+ Kxc7 24. Nd2 a4 25. Re1 g6 26. Re5 Rah8 27. h3 Nd7 28. Rxh5 Rxh5 29. Re3 g5 30. fxg5 e5 31. Nf5 f6 32. Nf3 e4 33. N3xh4 fxg5 34. Ng6 g4 35. hxg4 Rg5 36. Nfe7 Rxg4 37. g3 Bb5 38. Kg2 Kd8 39. Kh3 Nf6 40. Ne5 Bf1+ 41. Kh2 Kxe7 42. Re1 Bb5 43. Nxg4 Nxg4+ 44. Kh3 Ne5 45. g4 Kf6 46. Rg1 Kg5 47. Rg3 Bf1+ 48. Kh2 e3 49. Kg1 e2 50. Kf2 Nxg4+ 51. Ke1 Kf4 52. Rxg4+ Kxg4 53. b5 Kf3 54. b6 d4 55. cxd4 Ke3 56. b7 Kxd4 57. b8Q Kxc5 58. Qb4+ Kd5 59. Qxa4 c5 60. Qc2 Kc6 61. Qc4 Kb6 62. a4 Kc6 63. Qe6+ Kb7 64. a5 Ka7 65. Qb6+ Ka8 66. Qxc5 Kb8 67. Qb6+ Ka8 68. Qc6+ Ka7 69. a6 Bg2 70. Qxg2 1-0

[Event "Karl Mala Memorial op-B 16th"]
[Site "Frankfurt"]
[Date "2013.07.14"]
[Round "7"]
[White "Zalewski, Ulrich"]
[Black "Pruefert, Franziska"]
[Result "1-0"]
[WhiteElo "1805"]
[BlackElo "1813"]
[PlyCount "47"]
[EventDate "2013.07.11"]
[EventType "swiss"]
[EventRounds "7"]
[EventCountry "GER"]
[SourceTitle "CBM 155 Extra"]
[Source "ChessBase"]
[SourceDate "2013.08.26"]
[SourceVersion "1"]
[SourceVersionDate "2013.08.26"]
[SourceQuality "1"]

1. e4 d6 2. d4 g6 3. Nc3 Bg7 4. f4 Nf6 5. Nf3 0-0 6. Bd3 Bg4 7. h3 Bxf3 8. Qxf3 Nc6 9. Be3 e5 10. dxe5 dxe5 11. f5 Nd4 12. Qf2 c5 13. 0-0 a6 14. a4 Rb8 15. g4 b5 16. axb5 axb5 17. g5 c4 18. gxf6 Qxf6 19. Nd5 Qd6 20. f6 cxd3 21. fxg7 Kxg7 22. Bxd4 exd4 23. Qxd4+ f6 24. Ra7+ 1-0

[Event "Karl Mala Memorial op-B 16th"]
[Site "Frankfurt"]
[Date "2013.07.12"]
[Round "2"]
[White "Zalewski, Ulrich"]
[Black "Hilgert, Felix"]
[Result "1/2-1/2"]
[WhiteElo "1805"]
[BlackElo "1666"]
[PlyCount "42"]
[EventDate "2013.07.11"]
[EventType "swiss"]
[EventRounds "7"]
[EventCountry "GER"]
[SourceTitle "CBM 155 Extra"]
[Source "ChessBase"]
[SourceDate "2013.08.26"]
[SourceVersion "1"]
[SourceVersionDate "2013.08.26"]
[SourceQuality "1"]

1. e4 c6 2. d4 d5 3. e5 Bf5 4. Bd3 Bxd3 5. Qxd3 e6 6. Nc3 Nd7 7. Be3 Ne7 8. f4 Nf5 9. Bf2 Be7 10. g3 h5 11. h4 Qc7 12. Nge2 0-0-0 13. a4 Kb8 14. Kd2 Rc8 15. Rhb1 c5 16. Nb5 Qc6 17. c3 cxd4 18. Nexd4 Nxd4 19. Bxd4 Nc5 20. Bxc5 Qxc5 21. Qd4 a6 1/2-1/2